[Event "POL-ch rapid"]
[Site "Zgierz"]
[Date "2019.10.06"]
[Round "1"]
[White "Piorun, Kacper"]
[Black "Pacuszka, Wioletta"]
[Result "1-0"]
[WhiteElo "2660"]
[BlackElo "1764"]
[PlyCount "67"]
[EventDate "2019.10.06"]
[EventType "swiss (rapid)"]
[EventRounds "11"]
[EventCountry "POL"]
[SourceTitle "EXT 2020"]
[Source "ChessBase"]
[SourceDate "2019.10.17"]
[SourceVersion "1"]
[SourceVersionDate "2019.10.17"]
[SourceQuality "1"]

1. d4 d5 2. Bf4 e6 3. e3 Bd6 4. Bg3 Nf6 5. Bd3 0-0 6. Nd2 c5 7. c3 b6 8. Qe2 Nc6 9. Ngf3 Bb7 10. Ne5 Ne7 11. Bh4 Nf5 12. Bxf6 Qxf6 13. Nd7 Qg5 14. Nxf8 Rxf8 15. 0-0 Qf6 16. f4 Ne7 17. Nf3 Nc6 18. Ne5 Qe7 19. Qc2 f5 20. Nxc6 Bxc6 21. Qe2 c4 22. Bc2 b5 23. g4 Qf7 24. Rf2 g6 25. Rg2 Kh8 26. h4 Rg8 27. Rf1 Be7 28. Rf3 Kg7 29. h5 Kf8 30. hxg6 Rxg6 31. Rh3 Ke8 32. gxf5 Rxg2+ 33. Qxg2 Kd7 34. Rxh7 1-0

[Event "POL-chT 2nd League"]
[Site "Jastrzebia Gora"]
[Date "2018.09.07"]
[Round "7.9"]
[White "Pacuszka, Wioletta"]
[Black "Andrejczuk, Beata"]
[Result "0-1"]
[WhiteElo "1902"]
[BlackElo "2057"]
[PlyCount "96"]
[EventDate "2018.09.01"]
[EventType "team-swiss"]
[EventRounds "9"]
[EventCountry "POL"]
[SourceTitle "CBM 186 Extra"]
[Source "ChessBase"]
[SourceDate "2018.08.24"]
[SourceVersion "1"]
[SourceVersionDate "2018.08.24"]
[SourceQuality "1"]
[WhiteTeam "Grudziadz Rotmistrz"]
[BlackTeam "Zielonka Zieloni"]
[WhiteTeamCountry "POL"]
[BlackTeamCountry "POL"]

1. e4 d5 2. exd5 Qxd5 3. Nc3 Qa5 4. d4 c6 5. Nf3 Nf6 6. Bc4 Bg4 7. Bd2 Qc7 8. Qe2 Nbd7 9. h3 Bh5 10. g4 Bg6 11. 0-0-0 e6 12. Ne5 Bb4 13. f4 0-0-0 14. h4 Nb6 15. h5 Bxc3 16. Bxc3 Be4 17. Rh3 Bd5 18. Ba5 Bxc4 19. Nxc4 Qxf4+ 20. Kb1 Rxd4 21. Nxb6+ axb6 22. Bxb6 Qxg4 23. Qxg4 Rxg4 24. Ra3 Kb8 25. Bc5 Ne4 26. Bb6 Nf6 27. Bc5 b5 28. Bd6+ Kb7 29. Bc5 Ra8 30. Rad3 Nd5 31. Rf3 f6 32. b3 Kc7 33. Kb2 b4 34. Rfd3 Ra5 35. Bf8 c5 36. h6 gxh6 37. Bxh6 Rg8 38. Re1 Kd6 39. Bf4+ Kd7 40. Rh1 Kc6 41. Rh4 Rga8 42. Bg3 Rxa2+ 43. Kc1 R8a7 44. Rg4 e5 45. Bf2 Ra1+ 46. Kd2 Rf1 47. Ke2 Raa1 48. Rc4 Nf4+ 0-1

[Event "POL-chT 1st League"]
[Site "Poronin"]
[Date "2017.09.03"]
[Round "2.5"]
[White "Pacuszka, Wioletta"]
[Black "Majdan, Joanna"]
[Result "0-1"]
[WhiteElo "1919"]
[BlackElo "2361"]
[PlyCount "46"]
[EventDate "2017.09.02"]
[EventType "team-tourn"]
[EventRounds "9"]
[EventCountry "POL"]
[SourceTitle "CBM 180 Extra"]
[Source "ChessBase"]
[SourceDate "2017.10.06"]
[SourceVersion "1"]
[SourceVersionDate "2017.10.06"]
[SourceQuality "1"]
[WhiteTeam "Grudziadz Rotmistrz"]
[BlackTeam "Pegow Wieza"]
[WhiteTeamCountry "POL"]
[BlackTeamCountry "POL"]

1. e4 c5 2. Nf3 d6 3. d4 cxd4 4. Nxd4 Nf6 5. Nc3 g6 6. Be2 Bg7 7. Be3 0-0 8. 0-0 Nc6 9. f3 d5 10. Nxc6 bxc6 11. exd5 cxd5 12. Bd4 Bb7 13. Re1 Bh6 14. Bb5 Bf4 15. Qe2 Bd6 16. Kh1 Nh5 17. a3 e6 18. Qd2 Qh4 19. Be5 Ng3+ 20. Kg1 Bc5+ 21. Re3 Nf5 22. Rae1 Nxe3 23. Rxe3 d4 0-1

[Event "POL-chT 2nd League"]
[Site "Jastrzebia Gora"]
[Date "2016.09.11"]
[Round "9.12"]
[White "Pacuszka, Wioletta"]
[Black "Majdan, Joanna"]
[Result "0-1"]
[WhiteElo "1923"]
[BlackElo "2362"]
[PlyCount "60"]
[EventDate "2016.09.03"]
[EventType "team-swiss"]
[EventRounds "9"]
[EventCountry "POL"]
[SourceTitle "EXT 2017"]
[Source "ChessBase"]
[SourceDate "2016.10.25"]
[SourceVersion "1"]
[SourceVersionDate "2016.10.25"]
[SourceQuality "1"]
[WhiteTeam "Rotmistrz"]
[BlackTeam "Pegow Wieza"]
[WhiteTeamCountry "POL"]
[BlackTeamCountry "POL"]

1. e4 c5 2. Nf3 d6 3. d4 cxd4 4. Nxd4 Nf6 5. Nc3 a6 6. Be2 e6 7. 0-0 b5 8. Bf3 Ra7 9. Be3 Rd7 10. a4 b4 11. Na2 Bb7 12. Nxb4 d5 13. Qe1 dxe4 14. Be2 Rxd4 15. Bxd4 Qxd4 16. c3 Qc5 17. Nc2 Nd5 18. Qd2 Bd6 19. c4 Nf4 20. Ne3 Nc6 21. Rad1 Nxe2+ 22. Qxe2 0-0 23. Nc2 Ne5 24. Ne3 a5 25. Rd2 f5 26. b3 f4 27. Nd1 f3 28. Qe3 fxg2 29. Kxg2 Qc6 30. Kg1 Nf3+ 0-1

[Event "POL-chT 2nd League"]
[Site "Jastrzebia Gora"]
[Date "2016.09.06"]
[Round "4.24"]
[White "Bukowska, Katarzyna"]
[Black "Pacuszka, Wioletta"]
[Result "1-0"]
[WhiteElo "1887"]
[BlackElo "1923"]
[PlyCount "61"]
[EventDate "2016.09.03"]
[EventType "team-swiss"]
[EventRounds "9"]
[EventCountry "POL"]
[SourceTitle "EXT 2017"]
[Source "ChessBase"]
[SourceDate "2016.10.25"]
[SourceVersion "1"]
[SourceVersionDate "2016.10.25"]
[SourceQuality "1"]
[WhiteTeam "Konin Hetman"]
[BlackTeam "Rotmistrz"]
[WhiteTeamCountry "POL"]
[BlackTeamCountry "POL"]

1. e4 c5 2. Nf3 e6 3. d4 cxd4 4. Nxd4 a6 5. Be2 Qc7 6. Nc3 Nf6 7. 0-0 d6 8. Be3 b5 9. a3 Bb7 10. Bd3 d5 11. exd5 Nxd5 12. Nxd5 Bxd5 13. Qg4 Nd7 14. Rfe1 Nf6 15. Qh3 Rc8 16. Rad1 g6 17. Bxg6 Be7 18. Bg5 Rg8 19. Bxf6 Rxg6 20. Be5 Qb7 21. Bg3 Kf8 22. c3 Kg8 23. Ne2 Bc6 24. Nf4 Rg7 25. Rd3 Bg5 26. Nxe6 fxe6 27. Qxe6+ Rf7 28. Qg4 Rg7 29. Be5 Bf6 30. Qe6+ Kh8 31. Bxf6 1-0

[Event "POL-chT 2nd League"]
[Site "Jastrzebia Gora"]
[Date "2015.09.12"]
[Round "8.12"]
[White "Bednarska, Malgorzata"]
[Black "Pacuszka, Wioletta"]
[Result "1-0"]
[WhiteElo "2052"]
[BlackElo "1943"]
[PlyCount "51"]
[EventDate "2015.09.05"]
[EventType "team-swiss"]
[EventRounds "9"]
[EventCountry "POL"]
[SourceTitle "EXT 2017"]
[Source "ChessBase"]
[SourceDate "2016.10.25"]
[SourceVersion "1"]
[SourceVersionDate "2016.10.25"]
[SourceQuality "1"]
[WhiteTeam "Warszawa YMCA"]
[BlackTeam "Grudziadz Rotmistrz II"]
[WhiteTeamCountry "POL"]
[BlackTeamCountry "POL"]

1. e4 c5 2. Nf3 e6 3. d4 cxd4 4. Nxd4 a6 5. Nc3 Qc7 6. Bd3 Nf6 7. f4 d6 8. Qe2 Nbd7 9. g4 h6 10. Bd2 Be7 11. 0-0-0 b5 12. g5 hxg5 13. fxg5 Nh5 14. g6 Ne5 15. gxf7+ Nxf7 16. Nf3 Ne5 17. Nxe5 dxe5 18. Qg4 Bf6 19. Rhf1 Qe7 20. Kb1 Bb7 21. Nxb5 Bc6 22. Bb4 Qxb4 23. Qxe6+ Qe7 24. Qxc6+ Kf7 25. Be2 Ra7 26. Nxa7 1-0

[Event "POL-chT1"]
[Site "Poronin"]
[Date "2014.09.03"]
[Round "5.2"]
[White "Pacuszka, Wioletta"]
[Black "Harazinska, Ewa"]
[Result "0-1"]
[WhiteElo "1988"]
[BlackElo "2140"]
[PlyCount "96"]
[EventDate "2014.08.31"]
[EventType "team-tourn"]
[EventRounds "9"]
[EventCountry "POL"]
[SourceTitle "CBM 162 Extra"]
[Source "ChessBase"]
[SourceDate "2014.10.17"]
[SourceVersion "1"]
[SourceVersionDate "2014.10.17"]
[SourceQuality "1"]
[WhiteTeam "Grudziadz Rotmistrz II"]
[BlackTeam "Legnica Miedz"]
[WhiteTeamCountry "POL"]
[BlackTeamCountry "POL"]

1. e4 c5 2. Nf3 d6 3. d4 cxd4 4. Nxd4 Nf6 5. Nc3 a6 6. Be2 e6 7. 0-0 Be7 8. f4 0-0 9. Be3 Qc7 10. Kh1 b5 11. a3 Bb7 12. Bf3 Nbd7 13. Qe1 Nc5 14. Bg1 Rfe8 15. Rd1 Bf8 16. e5 Nd5 17. Ne4 dxe5 18. Nxc5 Bxc5 19. fxe5 Rad8 20. Be4 Ne7 21. Rd3 Bxe4 22. Qxe4 Rd5 23. Re1 Ng6 24. Nf3 Bxg1 25. Kxg1 Qxc2 26. Rxd5 Qxe4 27. Rxe4 exd5 28. Rd4 Nxe5 29. Rxd5 Nc4 30. Rd7 Nxb2 31. Ra7 g6 32. Rxa6 Nc4 33. Nd4 Re1+ 34. Kf2 Rb1 35. Ra8+ Kg7 36. Ra7 Rb2+ 37. Kf3 Nd2+ 38. Kf4 h6 39. h3 g5+ 40. Kf5 Nc4 41. g3 Rg2 42. Ke4 Kg6 43. Kf3 Rb2 44. g4 b4 45. Ra6+ f6 46. axb4 Rxb4 47. Ra7 Ne5+ 48. Ke3 Rxd4 0-1

[Event "POL-chT2"]
[Site "Poronin"]
[Date "2013.09.13"]
[Round "7.24"]
[White "Panczuk, Joanna"]
[Black "Pacuszka, Wioletta"]
[Result "1-0"]
[WhiteElo "1705"]
[BlackElo "2029"]
[PlyCount "80"]
[EventDate "2013.09.06"]
[EventType "team-swiss"]
[EventRounds "9"]
[EventCountry "POL"]
[SourceTitle "EXT 2015"]
[Source "ChessBase"]
[SourceDate "2014.11.20"]
[SourceVersion "1"]
[SourceVersionDate "2014.11.20"]
[SourceQuality "1"]
[WhiteTeam "Gliwice Politechnika Slaska"]
[BlackTeam "Grudziadz Rotmistrz II"]
[WhiteTeamCountry "POL"]
[BlackTeamCountry "POL"]

1. e4 c5 2. c3 d6 3. d4 Nf6 4. dxc5 Nc6 5. Qc2 dxc5 6. Be3 e6 7. f3 Be7 8. Bd3 0-0 9. Nh3 b6 10. Nd2 Qc7 11. Be2 Bb7 12. 0-0 Rfd8 13. f4 Rac8 14. a3 Nb8 15. e5 Nd5 16. Bf2 Qd7 17. Rad1 b5 18. Ne4 Qc6 19. Bf3 Qc7 20. Qe2 a6 21. Ng3 Nd7 22. Rfe1 c4 23. f5 Nc5 24. Bxc5 Bxc5+ 25. Kh1 Ne3 26. Rxd8+ Rxd8 27. fxe6 fxe6 28. Bxb7 Qxb7 29. Nf1 Nxf1 30. Rxf1 Rd3 31. Ng5 Qd7 32. Qe4 g6 33. h3 Rd1 34. Qa8+ Kg7 35. Qf3 Rxf1+ 36. Qxf1 Qe7 37. Ne4 Be3 38. Nd6 Qf8 39. Qd1 Qf2 40. Ne8+ Kh6 1-0

[Event "POL-chT2"]
[Site "Poronin"]
[Date "2013.09.08"]
[Round "2.24"]
[White "Pacuszka, Wioletta"]
[Black "Golek, Jagoda"]
[Result "0-1"]
[WhiteElo "2029"]
[BlackElo "2054"]
[PlyCount "102"]
[EventDate "2013.09.06"]
[EventType "team-swiss"]
[EventRounds "9"]
[EventCountry "POL"]
[SourceTitle "EXT 2015"]
[Source "ChessBase"]
[SourceDate "2014.11.20"]
[SourceVersion "1"]
[SourceVersionDate "2014.11.20"]
[SourceQuality "1"]
[WhiteTeam "Grudziadz Rotmistrz II"]
[BlackTeam "Gniezno LKS Chrobry"]
[WhiteTeamCountry "POL"]
[BlackTeamCountry "POL"]

1. e4 c5 2. Nf3 a6 3. d4 cxd4 4. Nxd4 Nf6 5. Nc3 e5 6. Nf3 Bb4 7. Bd2 d6 8. Bd3 Nc6 9. Nd5 Bxd2+ 10. Qxd2 Nxd5 11. exd5 Nb8 12. c4 h6 13. h3 0-0 14. 0-0 f5 15. Bc2 Nd7 16. Rfe1 a5 17. a3 Qc7 18. Rac1 a4 19. Qb4 Nc5 20. Rcd1 Bd7 21. Qd2 Rae8 22. Re2 Na6 23. Rc1 Rc8 24. Bb1 Nc5 25. Bc2 Qb6 26. Qb4 Qd8 27. Qd2 Be8 28. Ree1 Qf6 29. Qc3 Bd7 30. Rf1 Qf7 31. Nd2 Rfe8 32. b4 axb3 33. Nxb3 b5 34. Nxc5 Rxc5 35. Qb3 bxc4 36. Qb7 Rec8 37. Rfd1 e4 38. a4 Be8 39. Qa6 Qc7 40. Rb1 Ra5 41. Qb6 Bxa4 42. Bxa4 Rxa4 43. Qxc7 Rxc7 44. Rb6 c3 45. Rc1 Rd4 46. Rxd6 c2 47. Rd8+ Kf7 48. d6 Rd1+ 49. Kh2 Rxc1 50. dxc7 Rh1+ 51. Kg3 c1Q 0-1

[Event "POL-chT3 Kujawsko Pomorskie 1011"]
[Site "Poland"]
[Date "2011.04.17"]
[Round "11.30"]
[White "Pacuszka, Wioletta"]
[Black "Turzynska, Grazyna"]
[Result "1-0"]
[WhiteElo "1981"]
[BlackElo "1544"]
[PlyCount "29"]
[EventDate "2010.11.07"]
[EventType "team-tourn"]
[EventRounds "11"]
[EventCountry "POL"]
[SourceTitle "EXT 2019"]
[Source "ChessBase"]
[SourceDate "2018.10.10"]
[SourceVersion "1"]
[SourceVersionDate "2018.10.10"]
[SourceQuality "1"]

1. e4 e5 2. Nf3 Nc6 3. Bc4 Bc5 4. c3 d6 5. d4 exd4 6. cxd4 Bb4+ 7. Nc3 Bd7 8. 0-0 Bxc3 9. bxc3 Nge7 10. Ng5 0-0 11. Qh5 h6 12. Nxf7 Rxf7 13. Bxf7+ Kh7 14. Bxh6 Be8 15. Bg5# 1-0

[Event "POL-chT 2nd League"]
[Site "Polanica Zdroj"]
[Date "2004.09.10"]
[Round "9"]
[White "Pacuszka, Wioletta"]
[Black "Skurzak, Joanna"]
[Result "1-0"]
[WhiteElo "1900"]
[BlackElo "1923"]
[PlyCount "63"]
[EventDate "2004.09.04"]
[EventType "team-swiss"]
[EventRounds "11"]
[EventCountry "POL"]
[SourceTitle "CBM 102 Extra"]
[Source "ChessBase"]
[SourceDate "2004.11.03"]
[SourceVersion "1"]
[SourceVersionDate "2004.11.03"]
[SourceQuality "1"]
[WhiteTeam "Solec Kujawski"]
[BlackTeam "Warszawa YMCA"]
[WhiteTeamCountry "POL"]
[BlackTeamCountry "POL"]

1. e4 e5 2. Nf3 Nc6 3. Bc4 Nf6 4. d4 exd4 5. e5 d5 6. Bb5 Ne4 7. Nxd4 Bc5 8. Be3 Bxd4 9. Bxd4 0-0 10. Bxc6 bxc6 11. 0-0 Qe7 12. f3 Ng5 13. Nc3 Ne6 14. f4 Qb4 15. Ne2 Ba6 16. a3 Qc4 17. Rf2 Qa4 18. Bc3 d4 19. Nxd4 Nxd4 20. Qxd4 Qxd4 21. Bxd4 Rfd8 22. Bc3 h5 23. Re1 Rd5 24. h3 h4 25. f5 Rad8 26. Rf4 Bc8 27. e6 fxe6 28. fxe6 Rd1 29. e7 Rxe1+ 30. Bxe1 Re8 31. Bb4 g5 32. Rf8+ 1-0

[Event "POL-chT 2nd League"]
[Site "Polanica Zdroj"]
[Date "2004.09.09"]
[Round "8"]
[White "Toma, Katarzyna"]
[Black "Pacuszka, Wioletta"]
[Result "1-0"]
[WhiteElo "2281"]
[BlackElo "1900"]
[PlyCount "75"]
[EventDate "2004.09.04"]
[EventType "team-swiss"]
[EventRounds "11"]
[EventCountry "POL"]
[SourceTitle "CBM 102 Extra"]
[Source "ChessBase"]
[SourceDate "2004.11.03"]
[SourceVersion "1"]
[SourceVersionDate "2004.11.03"]
[SourceQuality "1"]
[WhiteTeam "Czestochowa Hetman"]
[BlackTeam "Solec Kujawski"]
[WhiteTeamCountry "POL"]
[BlackTeamCountry "POL"]

1. e4 c5 2. Nf3 e6 3. d4 cxd4 4. Nxd4 a6 5. Bd3 Nf6 6. Be3 Qc7 7. c4 d6 8. Nc3 Be7 9. 0-0 b6 10. Rc1 Bb7 11. f3 0-0 12. b4 Nbd7 13. Qb3 Rac8 14. Be2 Qb8 15. Rfd1 Rfe8 16. Nc2 Bd8 17. Bf1 Bc7 18. h3 Qa8 19. Bf2 Qb8 20. Ne3 h6 21. Rc2 Nf8 22. Rcd2 Ng6 23. Ng4 Nxg4 24. hxg4 d5 25. exd5 Bf4 26. dxe6 Rxe6 27. Re2 Rcc6 28. c5 Bh2+ 29. Kh1 Bg3 30. Rd7 Rf6 31. Bxg3 Qxg3 32. Rxb7 Nf4 33. Ree7 Qh4+ 34. Kg1 Nh3+ 35. gxh3 Rxf3 36. Bg2 Rf2 37. Kh1 Rc8 38. Nd1 1-0

[Event "POL-chT 2nd League"]
[Site "Polanica Zdroj"]
[Date "2004.09.05"]
[Round "2"]
[White "Gierak, Sylwia"]
[Black "Pacuszka, Wioletta"]
[Result "0-1"]
[WhiteElo "1800"]
[BlackElo "1900"]
[PlyCount "64"]
[EventDate "2004.09.04"]
[EventType "team-swiss"]
[EventRounds "11"]
[EventCountry "POL"]
[SourceTitle "CBM 102 Extra"]
[Source "ChessBase"]
[SourceDate "2004.11.03"]
[SourceVersion "1"]
[SourceVersionDate "2004.11.03"]
[SourceQuality "1"]
[WhiteTeam "Krakow Korona"]
[BlackTeam "Solec Kujawski"]
[WhiteTeamCountry "POL"]
[BlackTeamCountry "POL"]

1. e4 c5 2. Nf3 e6 3. d4 cxd4 4. Nxd4 a6 5. c4 Qc7 6. Nc3 Nf6 7. a3 Nc6 8. Be3 d6 9. Be2 Be7 10. 0-0 Bd7 11. Rc1 Rc8 12. Kh1 0-0 13. f4 Qb8 14. Bd3 Na5 15. Qe2 e5 16. Nf3 Nb3 17. Rcd1 exf4 18. Bxf4 Nc5 19. Bb1 Ne6 20. Bg3 Nh5 21. Bf2 Nhf4 22. Qd2 Rxc4 23. Bg3 Ng6 24. Bxd6 Bxd6 25. Qxd6 Qxd6 26. Rxd6 Rc7 27. Nd5 Bb5 28. Nxc7 Bxf1 29. Nxe6 fxe6 30. Ba2 Nf4 31. Bxe6+ Kh8 32. Ne1 Nxe6 0-1